书目信息 |
| 题名: |
行政事业单位内部控制标准化设计与应用
|
|
| 作者: | 王砚书, , 叶艳丽 著 | |
| 分册: | ||
| 出版信息: | 北京 经济科学出版社 2020.09 |
|
| 页数: | 240页 | |
| 开本: | 24cm | |
| 丛书名: | ||
| 单 册: | ||
| 中图分类: | F239.66 | |
| 科图分类: | ||
| 主题词: | 行政事业单位--xing zheng shi ye dan wei--内部审计--研究--中国 | |
| 电子资源: | ||
| ISBN: | 978-7-5218-1745-4 | |
| 000 | 01431nam0 2200277 450 | |
| 001 | CAL 0120203119787 | |
| 005 | 20230217093112.0 | |
| 010 | @a978-7-5218-1745-4@dCNY78.00 | |
| 100 | @a20201218d2020 em y0chiy0120 ea | |
| 101 | 0 | @achi |
| 102 | @aCN@b110000 | |
| 105 | @ak a 000yy | |
| 106 | @ar | |
| 200 | 1 | @a行政事业单位内部控制标准化设计与应用@Axing zheng shi ye dan wei nei bu kong zhi biao zhun hua she ji yu ying yong@f王砚书, 叶艳丽著 |
| 210 | @a北京@c经济科学出版社@d2020.09 | |
| 215 | @a240页@d24cm | |
| 300 | @a河北省高等学校人文社会科学重点研究基地 —— 河北经贸大学金融与企业创新研究中心资助 河北省2018年社会科学基金项目资助 河北经贸大学学术著作出版基金资助 | |
| 314 | @a王砚书, 河北经贸大学会计学院教授, 硕士研究生导师。叶艳丽, 河北省住房和城乡建设厅综合财务处副处长。高级会计师, 注册会计师, 注册税务师。 | |
| 320 | @a有书目 (第236-240页) | |
| 330 | @a本书结合行政事业单位自身特征, 基于委托代理论和公共受托责任理论、新公共管理理论、控制论与系统论, 分析质量标准化管理思想应用于行政事业单位的内部控制建设的可行性, 构建一套系统、科学、可操作的行政事业单位内部控制标准化体系, 旨在通过该体系为行政事业单位更好地发挥内部控制作用提供参考与理论支持。 | |
| 606 | 0 | @a行政事业单位@Axing zheng shi ye dan wei@x内部审计@x研究@y中国 |
| 690 | @aF239.66@v5 | |
| 701 | 0 | @a王砚书,@Awang yan shu@f1970-@4著 |
| 701 | 0 | @a叶艳丽@Aye yan li@4著 |
| 801 | 0 | @aCN@bBJXHZP@c20230228 |
| 905 | @b1395282-5@dF239.66@e807@f4 | |
| 行政事业单位内部控制标准化设计与应用/王砚书, 叶艳丽著.-北京:经济科学出版社,2020.09 |
| 240页;24cm |
| 河北省高等学校人文社会科学重点研究基地 —— 河北经贸大学金融与企业创新研究中心资助 河北省2018年社会科学基金项目资助 河北经贸大学学术著作出版基金资助 |
| ISBN 978-7-5218-1745-4:CNY78.00 |
| 本书结合行政事业单位自身特征, 基于委托代理论和公共受托责任理论、新公共管理理论、控制论与系统论, 分析质量标准化管理思想应用于行政事业单位的内部控制建设的可行性, 构建一套系统、科学、可操作的行政事业单位内部控制标准化体系, 旨在通过该体系为行政事业单位更好地发挥内部控制作用提供参考与理论支持。 |
| ● |
| 相关链接 |
|
|
|
|
正题名:行政事业单位内部控制标准化设计与应用
索取号:F239.66/807
 
预约/预借
| 序号 | 登录号 | 条形码 | 馆藏地/架位号 | 状态 | 备注 |
| 1 | 1395282 | 213952828 | 第一样本阅览室/ [索取号:F239.66/807] | 在馆 | |
| 2 | 1395283 | 213952837 | 第一借阅区/ [索取号:F239.66/807] | 在馆 | |
| 3 | 1395284 | 213952846 | 第一借阅区/ [索取号:F239.66/807] | 在馆 | |
| 4 | 1395285 | 213952855 | 第一借阅区/ [索取号:F239.66/807] | 在馆 |